PL/1 : Grundlagen der Programmierung. Teil 3

Guardado en:
Detalles Bibliográficos
Autores principales: Jung, Horst (Autor), Schreirer, Adolf (Autor)
Formato: Libro
Lenguaje:alemán
Publicado: Berlin : Siemens, 1976
Etiquetas: Agregar Etiqueta
Sin Etiquetas, Sea el primero en etiquetar este registro!

MARC

LEADER 00000nam a22000003a 4500
001 stu87201
005 20150617225629.6
008 040526s1976------------------------ger-d
040 |a STU  |b slo 
041 0 |a ger 
100 1 |a Jung, Horst  |4 aut 
245 1 |a PL/1 :  |b Grundlagen der Programmierung. Teil 3 
260 |a Berlin :  |b Siemens,  |c 1976 
700 1 |a Schreirer, Adolf  |4 aut 
996 |c I*16TJ2740  |l I  |s A  |a 24  |w stu87201_0001